Score 0/18 Timer 03:00
2 Plays Today
Film Title Missing Word % Correct
____ the ParentsMeet
95.7%
________, Inc.Monsters
94%
Man on the ____Moon
93.6%
______ KombatMortal
93.2%
The Sound of _____Music
92.6%
Night at the ______Museum
90.1%
The Last of the ________Mohicans
84.2%
______ & MeMarley
83.5%
____ GirlsMean
83%
Film Title Missing Word % Correct
The _______ FalconMaltese
75.5%
Role ______Models
74.8%
______ RiverMystic
70.2%
Children of ___Men
66%
___________ BurningMississippi
62.5%
________ in the Garden of Good and EvilMidnight
58.5%
______ TimesModern
53.4%
The ______ RevolutionsMatrix
42.6%
The Great ______ CaperMuppet
34.7%

Today's Daily Dose

Remove Ads.
Support Sporcle.
Get the best of Sporcle when you Go Orange. This ad-free experience offers more features, more stats, and more fun while also helping to support Sporcle. Thank you for becoming a member.

You're not logged in!

Compare scores with friends on all Sporcle quizzes.
OR
Log In

Show Comments

Extras

Top Quizzes Today


Score Distribution

Your Account Isn't Verified!

In order to create a playlist on Sporcle, you need to verify the email address you used during registration. Go to your Sporcle Settings to finish the process.

Report this User

Report this user for behavior that violates our Community Guidelines.

Details: